000 00300nam a2200121Ia 4500
008 191201s2003 xx 000 0 und d
100 _aJOSHI,Hiren
245 0 _aElectronic Controls for Textile Machines
260 _c2003
_bNCUTE-IIT DELHI
300 _a273
650 _aB.Tech(TE)
942 _2ddc
_cBK
999 _c6808
_d6808